[Event "Ostersund Storsjodraget op"]
[Site "Ostersund"]
[Date "2022.06.10"]
[Round "2"]
[White "Backsten, Jan"]
[Black "Larkin, Vladislav"]
[Result "0-1"]
[WhiteElo "2016"]
[BlackElo "2430"]
[PlyCount "136"]
[EventDate "2022.06.10"]
[EventType "swiss"]
[EventRounds "7"]
[EventCountry "SWE"]
[SourceTitle "CBM 208 Extra"]
[Source "ChessBase"]
[SourceDate "2022.07.31"]
[SourceVersion "1"]
[SourceVersionDate "2022.07.31"]
[SourceQuality "1"]

1. e4 c5 2. Nc3 e6 3. Nge2 a6 4. g3 h5 5. h4 b5 6. Bg2 Bb7 7. d4 cxd4 8. Nxd4 Nf6 9. a3 Ng4 10. 0-0 Bc5 11. Nb3 Be7 12. Bf4 d6 13. Qd2 Nc6 14. Rad1 Nce5 15. f3 Nc4 16. Qc1 Qb6+ 17. Kh1 Nge3 18. Nd2 Nxf1 19. Rxf1 Ne3 20. Re1 Nxg2 21. Kxg2 Rc8 22. Nb3 Qc7 23. Qd2 Qd7 24. Rd1 e5 25. Bxe5 Rd8 26. Bf4 0-0 27. Nd4 g6 28. Nb3 Qe6 29. Nd5 Bxd5 30. Qxd5 Qc8 31. Rd2 Rfe8 32. Na5 Rd7 33. c3 Bf8 34. Qd3 Kh7 35. Nb3 Bg7 36. Na1 Be5 37. Be3 d5 38. exd5 Red8 39. Qe4 Bg7 40. Nc2 f5 41. Qe6 Rxd5 42. Qxc8 Rxd2+ 43. Bxd2 Rxc8 44. Be3 a5 45. Kf2 Bf8 46. Ke2 Kg7 47. Bd4+ Kf7 48. Kd3 Ke6 49. b4 a4 50. Be3 Bg7 51. Bd4 Bh6 52. Bf2 Kd5 53. Nd4 Rb8 54. Be1 Kd6 55. Bf2 Bc1 56. Nc2 Kd5 57. Bd4 f4 58. gxf4 Bxf4 59. Bf2 Bc1 60. Bg3 Rb7 61. Bf2 g5 62. hxg5 Bxg5 63. Bg3 h4 64. Bh2 Re7 65. Nd4 Re3+ 66. Kc2 Kc4 67. f4 Rxc3+ 68. Kb2 Bf6 0-1